000 00723nam a2200217Ia 4500
003 GCL
008 140319s9999 xx 000 0 ara d
040 _aGCL /
_cGCL
082 0 4 _aق
_b932.033
_bس ا
100 1 _aسليم حسن
245 1 0 _aابوالهول :
_bتاريخه فى ضوء الكشوف الحديثة /
_cسليم حسن
700 1 _aاحمد محمد بدوى
700 1 _aجمال الدين سالم
260 _aالقاهرة :
_bجامعة القاهرة ،
_c1992
300 _a196 ص ؛
_c24 سم
490 _aسلسلة الثقافة الاثرية والتاريخية
_v0
650 0 4 _aمصر
650 0 4 _aابوالهول
650 0 4 _aالاثار، علم
942 _2ddc
_cBK
999 _c52883
_d52883